Sociální psychologie /

Hlavní autor: Nakonečný, Milan, 1932-2025
Jazyk: Čeština
Vydáno: V Praze : Vysoká škola obchodní, 2007
Vydání: 1. vyd.
Témata:
Externí odkaz: Digitalizovaný dokument
Fyzický popis: 82 s. : il. ; 30 cm
Knihy
Uloženo v:
LEADER 01639nam a2200433 a 4500
001 nkc20081786043
003 CZ PrNK
005 20181119235013.0
007 ta
008 080328s2007 xr a e p 000 0 cze
015 |a cnb001786043 
020 |a 978-80-86841-06-9  |q (brož.) 
035 |a (OCoLC)228779458 
040 |a ABA001  |b cze 
072 7 |a 316.4/.7  |x Sociální interakce. Sociální komunikace  |2 Konspekt  |9 18 
072 7 |a 37.016  |x Učební osnovy. Vyučovací předměty. Učebnice  |2 Konspekt  |9 22 
080 |a 316.6  |2 MRF 
080 |a (075.8)  |2 MRF 
100 1 |a Nakonečný, Milan,  |d 1932-2025  |7 jk01082681  |4 aut 
245 1 0 |a Sociální psychologie /  |c Milan Nakonečný 
250 |a 1. vyd. 
260 |a V Praze :  |b Vysoká škola obchodní,  |c 2007 
300 |a 82 s. :  |b il. ;  |c 30 cm 
500 |a Terminologický slovník 
500 |a 200 výt. 
504 |a Obsahuje bibliografii 
521 8 |a Určeno pro studenty VŠO 
650 0 7 |a sociální psychologie  |7 ph116212  |2 czenas 
650 0 9 |a social psychology  |2 eczenas 
655 7 |a učebnice vysokých škol  |7 fd133772  |2 czenas 
655 9 |a textbooks (higher)  |2 eczenas 
856 4 1 |u http://www.digitalniknihovna.cz/mzk/uuid/uuid:6ffd5ff0-cace-11e8-bc37-005056827e51  |y Digitalizovaný dokument  |x NDK 
910 2 |a BOA001  |b 3-1199.561 
928 9 |a Vysoká škola obchodní v Praze 
990 |a BK 
995 |a 01 
991 |b 200804  |c NOV 
996 6 |b 2610338156  |c 3-1199.561  |l MZK  |r Sklad / do 1 hodiny  |n 28  |p p.v.  |w 000889092  |u 000010  |a 1  |e BOA001  |j MZK50  |s P 
996 7 |b 2610371196  |c 3-1199.561  |l MZK  |r Sklad / do 1 hodiny  |n 64  |p p.v.  |w 000889092  |u 000020  |a 1  |e BOA001  |j MZK50  |s A